00420 2200169 4500001002100000008004100021035002000062245005500082100001400137250000600151260003300157084001400190082000800204650001400212990001200226990001200238INLIS000000000001202 ind  a0010-0524000437 aSosiologi Bilingual Untuk SMA Kelas XIIcM. Taufan aM. Taufan a1 aBandung :bYrama Widyac2010 a301 TAU s a301 aNon Fiksi a0713864 a0713865